00517nam a2200181Ia 450000500170000000800410001702000150005808200130007310000110008624500320009726000430012930000150017265000180018765000140020594200060021995200950022599900150032020240605043157.0240331s9999 xx 000 0 und d a1852010002 bVIJa355 aVije,M 0aMilitarisation in Sri Lanka aLondonbTamil Information Centrec1986 aix,100 p., aHuman Rights  aViolation cL 001040708LaWERCLbWERCLcSSCd2024-03-31l0o 355 VIJp6009r2024-03-31w2024-03-31yL c4627d4627